Banderas con más verde - Estadísticas

Estadísticas generales
  • Esta prueba ha sido intentada 4.585 veces
  • La puntuación promedio es 12 de 15
Estadísticas de respuestas
Imagen Hint Respuesta % Correcto
68.8% Brasil
99%
91.6% Arabia Saudita
98%
66.7% Nigeria
95%
68.9% Pakistán
92%
46.0% Argelia
91%
79.0% Bangladés
91%
83.5% Turkmenistán
78%
65.9% Dominica
75%
74.6% Zambia
75%
54.8% Mauritania
73%
49.0% Burkina Faso
72%
49.8% Guyana
72%
44.9% Togo
71%
52.8% Santo Tomé y Príncipe
59%
45.0% Islas Salomón
58%
No se encontraron pruebas coincidentes
Distribución de puntuación
Porcentaje de gente con cada puntuación
Porcentaje por número respondido
Historial de tus puntuaciones
No has intentado esta prueba.